Issues on rural livelihood in India / (Record no. 141602)

MARC details
000 -LEADER
fixed length control field 00542nam a22001817a 4500
005 - DATE AND TIME OF LATEST TRANSACTION
control field 20170630163314.0
010 ## - LCCN (DPL NO)
LC control number ENG-118822
020 ## - INTERNATIONAL STANDARD BOOK NUMBER
International Standard Book Number 9789382623120
Terms of availability 600.00
035 ## - SYSTEM CONTROL NUMBER
System control number EN-102354
037 ## - SOURCE OF ACQUISITION
Source of stock number/acquisition DBAD/PUB
082 ## - DEWEY DECIMAL CLASSIFICATION NUMBER
Classification number 307.14120954
245 ## - TITLE STATEMENT
Title Issues on rural livelihood in India /
Statement of responsibility, etc edited by Pradip Chouhan
260 ## - PUBLICATION, DISTRIBUTION, ETC. (IMPRINT)
Place of publication, distribution, etc Kolkata
Name of publisher, distributor, etc Readers Service
Date of publication, distribution, etc 2016
270 ## - ADDRESS
Address 59/5A, Garfa Main Road, Kolkata-700075
300 ## - PHYSICAL DESCRIPTION
Extent 208p
Dimensions 22cm.(pbk)
700 ## - ADDED ENTRY--PERSONAL NAME
Personal name Chouhan, Pradip
942 ## - ADDED ENTRY ELEMENTS (KOHA)
Source of classification or shelving scheme Dewey Decimal Classification
Item type English Books
Classification part 307.14120954
Call number suffix CHO
Holdings
Withdrawn status Lost status Not for loan Collection code Home library Current library Date acquired Source of acquisition Cost, normal purchase price Full call number Barcode Copy number Cost, replacement price Koha item type
      Non-fiction Shahdara Branch Shahdara Branch 21/06/2017 DBAD/PUB 600.00 307.14120954 CHO EN-102354 1 600.00 English Books

© Delhi Public Library
Hit Counter
free hit counter